[Event "Sharjah Cup (Women) 12th"]
[Site "Sharjah"]
[Date "2022.12.12"]
[Round "5"]
[White "Ovezdurdiyeva, Jemal"]
[Black "Babayan, Armine"]
[Result "1-0"]
[WhiteElo "2066"]
[BlackElo "2143"]
[PlyCount "128"]
[EventDate "2022.12.09"]
[EventType "swiss"]
[EventRounds "9"]
[EventCountry "UAE"]
[SourceTitle "CBM 211 Extra"]
[Source "ChessBase"]
[SourceDate "2023.01.31"]
[SourceVersion "1"]
[SourceVersionDate "2023.01.31"]
[SourceQuality "1"]

1. d4 Nf6 2. c4 e6 3. Nc3 Bb4 4. e3 Bxc3+ 5. bxc3 c5 6. Bd3 Nc6 7. Ne2 d6 8. 0-0 e5 9. e4 h6 10. f3 Nh5 11. d5 Ne7 12. f4 Bg4 13. fxe5 dxe5 14. Qe1 Ng6 15. Qf2 0-0 16. Qxc5 Bxe2 17. Bxe2 Nhf4 18. Qf2 f5 19. exf5 Rxf5 20. Kh1 Rf6 21. Bxf4 Nxf4 22. Bf3 Qc7 23. Qe3 Rc8 24. g3 Ng6 25. Be2 Rxf1+ 26. Rxf1 a6 27. Bd3 Nf8 28. Qe4 Qd6 29. Qf5 Rb8 30. Be4 Qe7 31. Rd1 Rd8 32. Rf1 g6 33. Qg4 Qg5 34. Qe2 Nd7 35. Qd3 Kg7 36. d6 b6 37. Bc6 Nf6 38. d7 Ng8 39. Qd5 Qe7 40. Re1 Nf6 41. Qxe5 Qxe5 42. Rxe5 Kf7 43. c5 bxc5 44. Rxc5 Ke6 45. Ra5 Nxd7 46. Rd5 Ke7 47. Rxd7+ Rxd7 48. Bxd7 Kxd7 49. Kg2 Kc6 50. Kf3 Kd5 51. Ke3 Kc4 52. Kd2 a5 53. Kc2 a4 54. Kd2 Kd5 55. Kd3 Kc5 56. a3 h5 57. c4 g5 58. Kc3 h4 59. gxh4 gxh4 60. h3 Kc6 61. Kd4 Kd6 62. c5+ Ke6 63. Ke4 Kf6 64. Kd5 Kg5 1-0

[Event "Sharjah Cup (Women) 12th"]
[Site "Sharjah"]
[Date "2022.12.11"]
[Round "4"]
[White "Babayan, Armine"]
[Black "Obada, Ema"]
[Result "1/2-1/2"]
[WhiteElo "2143"]
[BlackElo "2002"]
[PlyCount "220"]
[EventDate "2022.12.09"]
[EventType "swiss"]
[EventRounds "9"]
[EventCountry "UAE"]
[SourceTitle "CBM 211 Extra"]
[Source "ChessBase"]
[SourceDate "2023.01.31"]
[SourceVersion "1"]
[SourceVersionDate "2023.01.31"]
[SourceQuality "1"]

1. Nf3 Nf6 2. d4 e6 3. Bf4 b6 4. e3 Bb7 5. Bd3 Be7 6. h3 c5 7. c3 0-0 8. Nbd2 d5 9. 0-0 Nc6 10. Ne5 Bd6 11. Bg3 Rc8 12. f4 Nd7 13. f5 Ndxe5 14. dxe5 Bxe5 15. fxe6 Qg5 16. Bf4 Bxf4 17. exf4 Qf6 18. exf7+ Qxf7 19. Qg4 Rce8 20. Qh4 h6 21. Qg3 Qf6 22. Bc2 Ba6 23. Rf2 Ne7 24. Qf3 Qd6 25. Re1 g6 26. Nf1 Bxf1 27. Rfxf1 Nc6 28. Rxe8 Rxe8 29. Qg4 Qe6 30. Qxg6+ Qxg6 31. Bxg6 Re2 32. Rf2 Re1+ 33. Kh2 Kg7 34. Bh5 d4 35. Bf3 Ne7 36. cxd4 cxd4 37. Rd2 Ra1 38. a3 Nf5 39. g4 Rf1 40. Ba8 Ne3 41. Rxd4 Rf2+ 42. Kg3 Rxb2 43. Rd7+ Kf6 44. Rxa7 Rb3 45. Kf2 Nd1+ 46. Ke1 Nb2 47. Bd5 Rxh3 48. Rf7+ Kg6 49. f5+ Kg5 50. Rg7+ Kf6 51. Rg6+ Ke5 52. Bg8 Nd3+ 53. Kd2 Nc5 54. Rxb6 Ne4+ 55. Kc2 Rxa3 56. Rxh6 Nf6 57. Rg6 Rg3 58. g5 Kxf5 59. Rxf6+ Kxg5 60. Rc6 Kf5 61. Bh7+ Ke5 62. Bd3 Kd4 63. Rc4+ Kd5 64. Kc3 Rg1 65. Rf4 Rc1+ 66. Bc2 Ke5 67. Rf5+ Ke6 68. Ra5 Kd6 69. Kd2 Rh1 70. Be4 Rh3 71. Bd3 Kc6 72. Kc3 Rh4 73. Bc4 Kd6 74. Kb4 Rf4 75. Rg5 Rh4 76. Rd5+ Kc6 77. Re5 Kd6 78. Re6+ Kd7 79. Rg6 Rh5 80. Bd3 Ke7 81. Kc4 Kf7 82. Kd4 Ke7 83. Be4 Kd7 84. Bf3 Ra5 85. Bd5 Ra1 86. Ke5 Re1+ 87. Be4 Kc7 88. Rc6+ Kd7 89. Rb6 Kc8 90. Kd5 Kc7 91. Rf6 Rd1+ 92. Ke5 Re1 93. Rc6+ Kd7 94. Rb6 Kc8 95. Kd4 Kc7 96. Ra6 Rd1+ 97. Kc4 Rc1+ 98. Kb4 Kd7 99. Bd5 Ke7 100. Bc4 Kd7 101. Kc5 Ke7 102. Re6+ Kd7 103. Rf6 Ke8 104. Kd5 Ke7 105. Re6+ Kf7 106. Rc6 Ke7 107. Rc7+ Kf6 108. Kd6 Rd1+ 109. Bd5 Kf5 110. Rf7+ Kg6 1/2-1/2

[Event "Sharjah Cup (Women) 10th"]
[Site "Sharjah"]
[Date "2020.01.08"]
[Round "6"]
[White "Babayan, Armine"]
[Black "Yasmin, Ali"]
[Result "1-0"]
[WhiteElo "2186"]
[BlackElo "1527"]
[PlyCount "51"]
[EventDate "2020.01.04"]
[EventType "swiss"]
[EventRounds "9"]
[EventCountry "UAE"]
[SourceTitle "CBM 194 Extra"]
[Source "ChessBase"]
[SourceDate "2020.03.31"]
[SourceVersion "1"]
[SourceVersionDate "2020.03.31"]
[SourceQuality "1"]

1. e4 c5 2. Nf3 e6 3. d4 cxd4 4. Nxd4 a6 5. c4 Nf6 6. Bd3 Qc7 7. Be3 Be7 8. Nc3 0-0 9. 0-0 b6 10. Rc1 Bb7 11. f4 d6 12. f5 exf5 13. Nxf5 Bd8 14. Bf4 Ne8 15. Qg4 f6 16. Nd5 Qd7 17. Qg3 Nc6 18. Nxd6 Nxd6 19. Bxd6 Rf7 20. c5 bxc5 21. Bc4 Nd4 22. Rf2 Kh8 23. Nf4 Bxe4 24. Bxf7 Qxf7 25. Bxc5 Qd7 26. Qe3 1-0

[Event "Sharjah Cup (Women) 10th"]
[Site "Sharjah"]
[Date "2020.01.04"]
[Round "1"]
[White "Mera, Abdulaziz Aidarous"]
[Black "Babayan, Armine"]
[Result "0-1"]
[WhiteElo "1042"]
[BlackElo "2186"]
[PlyCount "54"]
[EventDate "2020.01.04"]
[EventType "swiss"]
[EventRounds "9"]
[EventCountry "UAE"]
[SourceTitle "CBM 194 Extra"]
[Source "ChessBase"]
[SourceDate "2020.03.31"]
[SourceVersion "1"]
[SourceVersionDate "2020.03.31"]
[SourceQuality "1"]

1. e4 c5 2. Nf3 Nc6 3. c3 e6 4. d4 d5 5. e5 Nge7 6. Be2 Ng6 7. Be3 c4 8. Nbd2 Rb8 9. 0-0 Be7 10. Re1 0-0 11. Bf1 b5 12. Rb1 b4 13. g3 Bd7 14. Bg2 Qa5 15. Qc1 bxc3 16. Qxc3 Qxa2 17. Nf1 Bb4 18. Qc2 Bxe1 19. Nxe1 Rb6 20. Nd2 Rfb8 21. b3 Qxc2 22. Nxc2 c3 23. Nf3 Rxb3 24. Rc1 Rb1 25. Rxb1 Rxb1+ 26. Bf1 Nb4 27. Nxb4 Bb5 0-1

[Event "Sharjah Cup (Women) 8th"]
[Site "Sharjah"]
[Date "2017.12.21"]
[Round "9"]
[White "Foisor, Sabina Francesca"]
[Black "Babayan, Armine"]
[Result "1/2-1/2"]
[WhiteElo "2338"]
[BlackElo "2166"]
[PlyCount "91"]
[EventDate "2017.12.15"]
[EventType "swiss"]
[EventRounds "9"]
[EventCountry "UAE"]
[SourceTitle "CBM 182 Extra"]
[Source "ChessBase"]
[SourceDate "2018.02.23"]
[SourceVersion "1"]
[SourceVersionDate "2018.02.23"]
[SourceQuality "1"]

1. d4 Nf6 2. Nf3 b6 3. c4 e6 4. g3 Ba6 5. Qa4 Bb7 6. Bg2 c5 7. dxc5 bxc5 8. Nc3 Qb6 9. 0-0 Be7 10. Rd1 0-0 11. Bf4 d6 12. a3 Bc6 13. Qc2 Rd8 14. Rab1 Na6 15. h4 Qb7 16. Ne1 h6 17. Bxc6 Qxc6 18. Nf3 Rab8 19. Rd2 e5 20. Be3 Nc7 21. Rbd1 Qa6 22. Ne4 Nfe8 23. g4 Qc8 24. g5 Qe6 25. Ng3 hxg5 26. hxg5 g6 27. Qe4 Ng7 28. Nh4 Qh3 29. Rd3 Nce6 30. Ng2 Rxb2 31. f4 exf4 32. Bxf4 Nf5 33. Kf2 Nxg3 34. Rxg3 Qf5 35. Qxf5 gxf5 36. Rgd3 Rc2 37. Ne3 Rxe2+ 38. Kxe2 Nxf4+ 39. Kf3 Nxd3 40. Rxd3 Bxg5 41. Nxf5 Kh7 42. Rd5 Kg6 43. Nxd6 Rb8 44. Nxf7 Rb3+ 45. Kg4 Kxf7 46. Kxg5 1/2-1/2

[Event "Yerevan op 2nd"]
[Site "Yerevan"]
[Date "2017.09.20"]
[Round "2"]
[White "Babayan, Armine"]
[Black "Babujian, Levon"]
[Result "0-1"]
[WhiteElo "2168"]
[BlackElo "2458"]
[PlyCount "122"]
[EventDate "2017.09.19"]
[EventType "swiss"]
[EventRounds "9"]
[EventCountry "ARM"]
[SourceTitle "CBM 180 Extra"]
[Source "ChessBase"]
[SourceDate "2017.10.06"]
[SourceVersion "1"]
[SourceVersionDate "2017.10.06"]
[SourceQuality "1"]

1. e4 c5 2. Nc3 Nc6 3. g3 g6 4. Bg2 Bg7 5. d3 d6 6. Nge2 Nf6 7. Bg5 0-0 8. Qd2 Nd4 9. 0-0 Bg4 10. f3 Bd7 11. g4 Rc8 12. Ng3 Qb6 13. Rab1 c4 14. Kh1 cxd3 15. Qxd3 Be6 16. Be3 Nd7 17. Rfd1 Bc4 18. Qd2 e5 19. b3 Be6 20. Nce2 Qa6 21. c4 b5 22. Bxd4 exd4 23. cxb5 Qxb5 24. Nxd4 Bxd4 25. Qxd4 Rc2 26. a4 Qg5 27. Rb2 Rxb2 28. Qxb2 Rb8 29. b4 Ne5 30. Qd4 Nc6 31. Qc3 Nxb4 32. Qc7 Rc8 33. Qxd6 a5 34. f4 Qxg4 35. f5 Bb3 36. Rf1 Bc4 37. Qd7 Rf8 38. Rc1 Nd3 39. Rg1 Qf4 40. Qd4 Ne5 41. Qd6 Re8 42. Rb1 Kg7 43. Rg1 Qh4 44. Rc1 Ng4 45. h3 Ne5 46. Rc3 Qd8 47. Qc5 Bd3 48. Qe3 Kg8 49. Rc5 Bc4 50. Qc3 Qd6 51. Rxa5 Nc6 52. Rd5 Bxd5 53. exd5 Nd4 54. Ne4 Qe5 55. d6 Rb8 56. Qc1 Nxf5 57. d7 Kg7 58. Qd1 Rd8 59. a5 Qxa5 60. Nd6 Nxd6 61. Qd4+ f6 0-1

[Event "Sharjah Cup (Women) 7th"]
[Site "Sharjah"]
[Date "2016.12.26"]
[Round "9"]
[White "Gevorgyan, Maria"]
[Black "Babayan, Armine"]
[Result "1/2-1/2"]
[WhiteElo "2197"]
[BlackElo "2196"]
[PlyCount "66"]
[EventDate "2016.12.18"]
[EventType "swiss"]
[EventRounds "9"]
[EventCountry "UAE"]
[SourceTitle "CBM 176 Extra"]
[Source "ChessBase"]
[SourceDate "2017.03.02"]
[SourceVersion "1"]
[SourceVersionDate "2017.03.02"]
[SourceQuality "1"]

1. e4 c5 2. Nc3 Nc6 3. Bb5 Nd4 4. Bc4 e6 5. Nge2 Nf6 6. 0-0 a6 7. a4 d5 8. exd5 exd5 9. Ba2 Bd6 10. d3 Ne6 11. Nxd5 Nxd5 12. Bxd5 Bxh2+ 13. Kxh2 Qxd5 14. Kg1 0-0 15. Nf4 Qf5 16. Nxe6 Bxe6 17. Re1 Rfe8 18. Re3 Bd5 19. Qf1 Bc6 20. b3 h5 21. Bb2 h4 22. Rae1 f6 23. Bc3 Qd5 24. Rxe8+ Rxe8 25. Rxe8+ Bxe8 26. Qe2 Bh5 27. Qe3 Qf5 28. Qe4 Qg5 29. Qxb7 Qc1+ 30. Kh2 Qf4+ 31. Kg1 Qc1+ 32. Kh2 Qf4+ 33. Kg1 Qc1+ 1/2-1/2

[Event "Sharjah Cup (Women) 7th"]
[Site "Sharjah"]
[Date "2016.12.24"]
[Round "7"]
[White "Abdulla, Khayala Mardan Qizi"]
[Black "Babayan, Armine"]
[Result "0-1"]
[WhiteElo "2186"]
[BlackElo "2196"]
[PlyCount "98"]
[EventDate "2016.12.18"]
[EventType "swiss"]
[EventRounds "9"]
[EventCountry "UAE"]
[SourceTitle "CBM 176 Extra"]
[Source "ChessBase"]
[SourceDate "2017.03.02"]
[SourceVersion "1"]
[SourceVersionDate "2017.03.02"]
[SourceQuality "1"]

1. e4 c5 2. Nf3 Nc6 3. d4 cxd4 4. Nxd4 Qb6 5. Nb3 Nf6 6. Nc3 e6 7. Qe2 d6 8. Be3 Qc7 9. 0-0-0 a6 10. g4 Be7 11. g5 Nd7 12. f4 b5 13. h4 Nb6 14. Qf2 Rb8 15. h5 Na4 16. Bd4 Rg8 17. g6 hxg6 18. hxg6 Nxd4 19. gxf7+ Kxf7 20. Qxd4 Nxc3 21. bxc3 Rb6 22. e5 Rd8 23. Bd3 dxe5 24. Qe4 Bf6 25. Rh7 Rg8 26. Be2 Rd6 27. Rf1 exf4 28. Qxf4 e5 29. Bh5+ Ke7 30. Qg3 Kd8 31. Kb1 a5 32. Qe3 a4 33. Nd2 Bb7 34. Ne4 Bxe4 35. Qxe4 Qc6 36. Qb4 e4 37. Kb2 Rf8 38. Re1 Be5 39. Be2 Rf2 40. Qa5+ Qb6 41. Qa8+ Kc7 42. Qxe4 Qc5 43. Rh3 b4 44. Kc1 bxc3 45. Qxa4 Bf4+ 46. Kb1 Rxe2 47. Rxc3 Rxe1+ 48. Kb2 Bc1+ 49. Kb3 Rb6+ 0-1

[Event "Sharjah Cup (Women) 7th"]
[Site "Sharjah"]
[Date "2016.12.23"]
[Round "6"]
[White "Babayan, Armine"]
[Black "Razh, Amalia"]
[Result "1-0"]
[WhiteElo "2196"]
[BlackElo "1967"]
[PlyCount "73"]
[EventDate "2016.12.18"]
[EventType "swiss"]
[EventRounds "9"]
[EventCountry "UAE"]
[SourceTitle "CBM 176 Extra"]
[Source "ChessBase"]
[SourceDate "2017.03.02"]
[SourceVersion "1"]
[SourceVersionDate "2017.03.02"]
[SourceQuality "1"]

1. e4 Nc6 2. Nc3 e6 3. d4 Bb4 4. Nf3 Nf6 5. Bd3 d5 6. e5 Ne4 7. Bd2 Nxd2 8. Qxd2 f6 9. a3 Be7 10. 0-0 fxe5 11. dxe5 0-0 12. Rae1 Bd7 13. Ne2 Qe8 14. Ng3 Nd8 15. c3 c5 16. Qc2 g6 17. Qd2 Bc6 18. h4 Qf7 19. h5 Kg7 20. hxg6 hxg6 21. Ne2 b5 22. Ng5 Qg8 23. Nh3 Qh8 24. Nef4 Be8 25. Re3 Bh4 26. Bc2 g5 27. Ne2 g4 28. Nhf4 Bg5 29. Rg3 Qh4 30. Rd1 Bxf4 31. Nxf4 Qg5 32. Nh3 Qxe5 33. Rxg4+ Kf7 34. Re1 Qd6 35. Qg5 e5 36. Qg7+ Ke6 37. Ng5# 1-0

[Event "Yerevan Asrian Memorial 9th"]
[Site "Yerevan"]
[Date "2016.06.24"]
[Round "9"]
[White "Babayan, Armine"]
[Black "Sargsyan, Anna M"]
[Result "0-1"]
[WhiteElo "2169"]
[BlackElo "1948"]
[PlyCount "116"]
[EventDate "2016.06.16"]
[EventType "swiss"]
[EventRounds "9"]
[EventCountry "ARM"]
[SourceTitle "EXT 2017"]
[Source "ChessBase"]
[SourceDate "2016.10.25"]
[SourceVersion "1"]
[SourceVersionDate "2016.10.25"]
[SourceQuality "1"]

1. e4 c6 2. d4 d5 3. Nc3 dxe4 4. Nxe4 Nd7 5. Bc4 Ngf6 6. Nxf6+ Nxf6 7. Ne2 Bf5 8. c3 e6 9. Ng3 Bg6 10. h4 h6 11. Qf3 Be7 12. Bf4 Qb6 13. 0-0-0 0-0-0 14. h5 Bh7 15. Bd3 Bxd3 16. Rxd3 Nd5 17. Bd2 Qa6 18. Kb1 Nb6 19. Bc1 Nc4 20. Rhd1 Rhf8 21. Qe2 Rd7 22. Rf3 Bd6 23. b3 Na3+ 24. Bxa3 Qxa3 25. Ne4 Rfd8 26. Qb2 Qxb2+ 27. Kxb2 Bf8 28. Re1 f6 29. b4 b6 30. Kb3 Rd5 31. Ng3 a5 32. a3 Kd7 33. Ne2 Bd6 34. g4 c5 35. dxc5 bxc5 36. c4 Rd2 37. b5 Be5 38. Nc3 Kc7 39. Ree3 R8d4 40. Na4 Rxg4 41. Rxe5 fxe5 42. Nxc5 Kd6 43. Na6 a4+ 44. Kxa4 Rxc4+ 45. Ka5 e4 46. Rf7 Rd3 47. Kb6 Rxa3 48. Nb8 Rf3 49. Rd7+ Ke5 50. Nc6+ Kf6 51. Rd2 Rc1 52. Kc7 Rb3 53. b6 Rcb1 54. Rd4 Rxb6 55. Rxe4 Rb7+ 56. Kc8 R7b2 57. Nd4 e5 58. Nc6 Rc2 0-1

[Event "Yerevan Asrian Memorial 9th"]
[Site "Yerevan"]
[Date "2016.06.16"]
[Round "1"]
[White "Babayan, Armine"]
[Black "Pashikian, Arman"]
[Result "0-1"]
[WhiteElo "2169"]
[BlackElo "2611"]
[PlyCount "131"]
[EventDate "2016.06.16"]
[EventType "swiss"]
[EventRounds "9"]
[EventCountry "ARM"]
[SourceTitle "CBM 173 Extra"]
[Source "ChessBase"]
[SourceDate "2016.08.29"]
[SourceVersion "1"]
[SourceVersionDate "2016.08.29"]
[SourceQuality "1"]

1. e4 e5 2. Nf3 Nc6 3. Bb5 a6 4. Ba4 Nf6 5. d3 Bc5 6. 0-0 d6 7. c3 0-0 8. h3 h6 9. Re1 Ba7 10. d4 b5 11. Bc2 Bb7 12. d5 Ne7 13. Nh4 c6 14. dxc6 Bxc6 15. Qf3 Nh7 16. Qd3 Qd7 17. Nd2 g5 18. Nf5 Nxf5 19. exf5 Rfe8 20. h4 gxh4 21. Qh3 Kh8 22. Qxh4 Rg8 23. Be4 d5 24. Bc2 e4 25. Nf1 Qxf5 26. Be3 Qg6 27. Ng3 Bxe3 28. Rxe3 Ng5 29. f4 Nh7 30. Kf2 Nf6 31. Bd1 Bd7 32. Be2 Bg4 33. Rh1 Kh7 34. Ke1 Rad8 35. Nf1 Bxe2 36. Rxe2 Ng4 37. Ne3 Rd6 38. Qe7 Nxe3 39. Rxe3 Qf6 40. Qxf6 Rxf6 41. g3 Rf5 42. Kf2 Rg4 43. Ree1 h5 44. Rh3 Rg8 45. Ke3 Kg6 46. Rg1 Kf6 47. Rgh1 a5 48. Kd4 b4 49. c4 dxc4 50. Kxc4 e3 51. Re1 Rc8+ 52. Kb3 Re8 53. Rh2 Re4 54. Kc2 Rd5 55. Rhe2 Kf5 56. Rxe3 Rxe3 57. Rxe3 Kg4 58. a3 bxa3 59. bxa3 Rb5 60. a4 Rb4 61. Re5 Kxg3 62. Rxh5 Rxa4 63. Rf5 Rxf4 64. Rxa5 Rd4 65. Rf5 Rd7 66. Rf6 0-1

[Event "Tbilisi Gaprindashvili Cup"]
[Site "Tbilisi"]
[Date "2015.09.17"]
[Round "9"]
[White "Babayan, Armine"]
[Black "Baghdasaryan, Vahe"]
[Result "0-1"]
[WhiteElo "2136"]
[BlackElo "2438"]
[PlyCount "62"]
[EventDate "2015.09.09"]
[EventType "swiss"]
[EventRounds "9"]
[EventCountry "GEO"]
[SourceTitle "EXT 2016"]
[Source "ChessBase"]
[SourceDate "2015.10.08"]
[SourceVersion "1"]
[SourceVersionDate "2015.10.08"]
[SourceQuality "1"]

1. g3 d5 2. Bg2 c6 3. f4 h5 4. Nf3 Bg4 5. h3 Bxf3 6. Bxf3 e5 7. e3 Bd6 8. d4 exf4 9. exf4 Ne7 10. Nc3 Nf5 11. Ne2 Qe7 12. Rg1 Nd7 13. Qd3 g6 14. Bd2 Nf6 15. 0-0-0 Ne4 16. Rde1 Nf2 17. Qb3 0-0-0 18. Qa4 Kb8 19. Rgf1 Ne4 20. Bxe4 dxe4 21. g4 hxg4 22. hxg4 Nh4 23. Ng3 f5 24. gxf5 gxf5 25. Rh1 Rhg8 26. Rxh4 Qxh4 27. Nxf5 Qf2 28. Nxd6 e3 29. Bb4 Rg1 30. b3 Rxe1+ 31. Kb2 Re2 0-1

[Event "Poti Aleksandria Cup 10th"]
[Site "Poti"]
[Date "2015.07.14"]
[Round "3"]
[White "Pourramezanali, Amirreza"]
[Black "Babayan, Armine"]
[Result "1-0"]
[WhiteElo "2441"]
[BlackElo "2154"]
[PlyCount "87"]
[EventDate "2015.07.13"]
[EventType "swiss"]
[EventRounds "9"]
[EventCountry "GEO"]
[SourceTitle "CBM 167 Extra"]
[Source "ChessBase"]
[SourceDate "2015.09.14"]
[SourceVersion "1"]
[SourceVersionDate "2015.09.14"]
[SourceQuality "1"]

1. e4 c5 2. c3 Nf6 3. e5 Nd5 4. Nf3 e6 5. d4 cxd4 6. cxd4 Nc6 7. Bd3 d6 8. 0-0 Be7 9. Nc3 Nxc3 10. bxc3 dxe5 11. dxe5 Qa5 12. Re1 Qxc3 13. Rb1 0-0 14. Rb3 Qa5 15. Bd2 Qd8 16. Qc2 g6 17. h4 Bxh4 18. Bh6 Be7 19. Bxf8 Bxf8 20. Be4 Qc7 21. Reb1 Qd7 22. Rd1 Qe8 23. Bxc6 bxc6 24. Ng5 Be7 25. Ne4 c5 26. Nf6+ Bxf6 27. exf6 Bd7 28. Qd2 Ba4 29. Rh3 Qf8 30. Rc1 Rd8 31. Qg5 Bc6 32. Qxc5 Qxc5 33. Rxc5 Bd5 34. Ra3 h5 35. Rxa7 Rb8 36. a4 h4 37. a5 g5 38. Rac7 Rb1+ 39. Rc1 Rb5 40. Ra1 Rb4 41. a6 Rg4 42. a7 Bxg2 43. Kh2 Kh7 44. Rg1 1-0

[Event "Poti Aleksandria Cup 9th"]
[Site "Poti"]
[Date "2014.07.19"]
[Round "8"]
[White "Ghvamberia, Nika"]
[Black "Babayan, Armine"]
[Result "0-1"]
[WhiteElo "2147"]
[BlackElo "2098"]
[PlyCount "84"]
[EventDate "2014.07.13"]
[EventType "swiss"]
[EventRounds "9"]
[EventCountry "GEO"]
[SourceTitle "CBM 161 Extra"]
[Source "ChessBase"]
[SourceDate "2014.08.29"]
[SourceVersion "1"]
[SourceVersionDate "2014.08.29"]
[SourceQuality "1"]

1. e4 c5 2. Nf3 d6 3. d4 cxd4 4. Nxd4 Nf6 5. Nc3 a6 6. Bg5 Nbd7 7. Bc4 e6 8. Qe2 b5 9. Bxe6 fxe6 10. Nxe6 Qa5 11. 0-0-0 Kf7 12. Nd4 Bb7 13. Rhe1 Rc8 14. Bxf6 Nxf6 15. e5 dxe5 16. Qxe5 Re8 17. Ne6 Kg8 18. Qg5 h6 19. Qg6 b4 20. Nb1 Qh5 21. Qg3 Qg4 22. Qb3 Kh7 23. Re3 Bc8 24. Qd3+ Qg6 25. Rde1 Bxe6 26. Rxe6 Qxd3 27. cxd3 Rc8+ 28. Kd1 Bc5 29. Nd2 Rhd8 30. Ke2 Ng4 31. Ne4 Bd4 32. Rd1 Bxb2 33. Rxa6 Ne5 34. Rd2 Bc1 35. Rd1 Rc2+ 36. Kf1 Rxd3 37. Rxd3 Nxd3 38. Rd6 Nf4 39. g3 Nh3 40. Rd4 Nxf2 41. Nxf2 Be3 42. Rxb4 Rxf2+ 0-1